ՀՀ Գիտությունների ազգային ակադեմիայի հիմնարար գիտական գրադարան  =   Fundamental Scientific Library of NAS RA
Normal view MARC view

Entry Topical Term

Number of records used in: 25

001 - CONTROL NUMBER

  • control field: 4679

003 - CONTROL NUMBER IDENTIFIER

  • control field: AM-YEHGA

005 - DATE AND TIME OF LATEST TRANSACTION

  • control field: 20250617070453.0

008 - FIXED-LENGTH DATA ELEMENTS

  • fixed length control field: 140311|g|a||||aabn f| a|a ||

040 ## - CATALOGING SOURCE

  • Original cataloging agency: AM-YEHGA

150 ## - HEADING--TOPICAL TERM

  • Topical term or geographic name entry element: Անձի հոգեբանություն

450 ## - SEE FROM TRACING--TOPICAL TERM

  • Topical term or geographic name entry element: Personality psychology

450 ## - SEE FROM TRACING--TOPICAL TERM

  • Topical term or geographic name entry element: Persönlichkeitspsychologie

450 ## - SEE FROM TRACING--TOPICAL TERM

  • Topical term or geographic name entry element: Psychologie de la personnalité

450 ## - SEE FROM TRACING--TOPICAL TERM

  • Topical term or geographic name entry element: Психология личности

550 ## - SEE ALSO FROM TRACING--TOPICAL TERM

  • Topical term or geographic name entry element: Հոգեբանություն
  • Control subfield: g


ՀՀ ԳԱԱ հիմնարար գիտական գրադարան
ՀՀ,Երևան 0019
Մարշալ Բաղրամյան 24/6
հեռախոս:(374-10) 52-47-50
Հետադարձ կապ

All site content, except where otherwise noted, is licensed under a
Creative Commons License